University Home | Library Home | Institutional Repository

Public finance-theory and practice. (Record no. 153720)

MARC details
000 -LEADER
fixed length control field 00677cam1a220024100 4500
001 - CONTROL NUMBER
control field zam00003355
008 - FIXED-LENGTH DATA ELEMENTS--GENERAL INFORMATION
fixed length control field 951128s1989 xx eng u
035 ## - SYSTEM CONTROL NUMBER
System control number (Sirsi) r88031
035 ## - SYSTEM CONTROL NUMBER
System control number (MACHINE)SLC.
100 ## - MAIN ENTRY--PERSONAL NAME
Personal name Musgrave, R. A.
Linkage A47574.1
245 10 - TITLE STATEMENT
Title Public finance-theory and practice.
260 ## - PUBLICATION, DISTRIBUTION, ETC.
Date of publication, distribution, etc. 1989.
591 ## -
-- Class code: EC 345.
591 ## -
-- Course: Public finance.
591 ## -
-- School: S05.
591 ## -
-- Lecturer: Mr. MUKANDA, K.
591 ## -
-- Number of Students: 0.
949 ## - LOCAL PROCESSING INFORMATION (OCLC)
a MUS1-2PUB
w lcc
m MAIN
t BOOK
l ON-SHELF
949 ## - LOCAL PROCESSING INFORMATION (OCLC)
a MUS1-2PUB
w lcc
m MAIN
t BOOK
l ON-SHELF
900 ## - EQUIVALENCE OR CROSS-REFERENCE-PERSONAL NAME [LOCAL, CANADA]
-- MAIN
Field link and sequence number MUS1-2PUB
Titles and other words associated with a name 2
909 ## -
-- Book

No items available.

© 2026 - The University of Zambia Library - Koha v25.11